Manual de ensayos
Saved in:
| Institution som forfatter: | |
|---|---|
| Format: | Bog |
| Sprog: | spansk |
| Udgivet: |
Santiago
El Instituto
1989
|
| Udgivelse: | 4a. ed |
| Serier: | Manuales
|
| Fag: | |
| Tags: |
Tilføj Tag
Ingen Tags, Vær først til at tagge denne postø!
|
MARC
| LEADER | 00000cam a2200000 a 4500 | ||
|---|---|---|---|
| 001 | UCY2443 | ||
| 003 | CL-VaPUC | ||
| 008 | 941026e19890000CL |||||||||||||||||spa|d | ||
| 082 | 0 | 4 | |a 693.502 |b INS |2 21 |
| 110 | 2 | |a Instituto Chileno del Cemento y del Hormigón |e author |9 330466 | |
| 245 | 1 | 0 | |a Manual de ensayos |
| 246 | 1 | 0 | |a Manual de ensayos: áridos y hormigón |
| 250 | |a 4a. ed | ||
| 300 | |a 83 p | ||
| 942 | |c BK | ||
| 945 | |d 19941026 00:00:00 |a mfernand | ||
| 260 | |a Santiago |b El Instituto |c 1989 | ||
| 500 | |a Aridos y hormigón | ||
| 650 | 7 | |a HORMIGON PRUEBAS |2 CL-VaPUC |9 266758 | |
| 650 | 0 | |a Agregados |x Materiales de construcción |9 330467 | |
| 650 | 0 | |a Pruebas |9 256249 | |
| 583 | |a last modification |c 20120604 10:49:48 |k Rodrigo Vera | ||
| 490 | 0 | |a Manuales | |
| 999 | |c 230846 |d 230844 | ||
| 952 | |0 0 |1 0 |4 0 |6 693_502000000000000_INS_1989 |7 0 |8 A |9 233437 |a BIBING |b BIBING |d 2019-11-15 |i 3032906 |o 693.502 INS 1989 |p 3032906 |r 2025-01-20 |w 2019-11-15 |y BK |k TRA | ||
| 952 | |0 0 |1 0 |4 0 |6 693_502000000000000_INS_1989 |7 0 |8 A |9 233438 |a BIBING |b BIBING |d 2019-11-15 |i 4131541 |o 693.502 INS 1989 |p 4131541 |r 2025-01-20 |w 2019-11-15 |y BK |k CCL | ||
| 952 | |0 0 |1 0 |4 0 |6 693_502000000000000_INS_1989 |7 0 |8 A |9 233439 |a BIBING |b BIBING |d 2019-11-15 |i 4131533 |o 693.502 INS 1989 |p 4131533 |r 2025-01-20 |w 2019-11-15 |y BK |k CCL | ||
| 952 | |0 0 |1 0 |4 0 |6 693_502000000000000_INS_1989 |7 0 |8 A |9 233440 |a BIBING |b BIBING |d 2019-11-15 |i 413155K |o 693.502 INS 1989 |p 413155K |r 2025-01-20 |w 2019-11-15 |y BK |k CCL | ||
| 952 | |0 0 |1 0 |4 0 |6 693_502000000000000_INS_1989 |7 0 |8 A |9 233441 |a BIBING |b BIBING |d 2019-11-15 |i 4208722 |o 693.502 INS 1989 |p 4208722 |r 2025-01-20 |w 2019-11-15 |y BK |k CIC | ||
| 952 | |0 0 |1 0 |4 0 |6 693_502000000000000_INS_1989 |7 0 |8 A |9 233444 |a BIBING |b BIBING |d 2019-11-15 |i 4866347 |o 693.502 INS 1989 |p 4866347 |r 2023-03-02 |w 2019-11-15 |y BK |k CIC | ||
| 952 | |0 0 |1 0 |4 0 |6 693_502000000000000_INS_1989 |7 0 |8 A |9 233445 |a BIBING |b BIBING |d 2019-11-15 |i 4866355 |o 693.502 INS 1989 |p 4866355 |r 2025-01-20 |w 2019-11-15 |y BK |k CIC | ||